00467 a2200169 450000100060000002000150000604000240002110000220004524000300006724500250009730000070012236200090012965000310013894200070016995201040017699900170028069562 a8598553158 cAnchieta - Itaigara aCedraz, Antônio10aO presente celestiallpor10aO presente celestial a270 a2006 4aLiteratura infanto-juvenil cBK 00104070a88.1b88.1d2023-11-21l0o028.5 CED PREp2007/ITAr2023-11-21 20:04:10w2023-11-21yBK c69562d69562